000 00336nam a22001337a 4500
999 _c522379
_d522379
008 230405b ||||| |||| 00| 0 eng d
100 _aLahariya, Chandrakant
_939975
245 _aPost-pandemic health
260 _aYojana
300 _a67(3), Mar, 2023: p.35-38
773 _aYojana
906 _aHEALTH SERVICES
942 _cAR